| 000 -ლიდერი |
| ფიქსირებული სიგრძის საკონტროლო ველი |
01678nam a22002057a 4500 |
| 003 - საკონტროლო ნომრის იდენტიფიკატორი |
| საკონტროლო ველი |
Ge_BSU |
| 005 - ბოლო ოპერაციის თარიღი და დრო |
| საკონტროლო ველი |
20260218151929.0 |
| 008 - ფიქსირებული სიგრძის მონაცემთა ელემენტები - ზოგადი ინფორმაცია |
| ფიქსირებული სიგრძის საკონტროლო ველი |
260218s2025 ge ||||| |||| 00| 0 geo d |
| 020 ## - წიგნის საერთაშორისო სტანდარტული ნომერი |
| International Standard Book Number |
9789941523502 |
| 041 ## - ენის კოდი |
| Language code of text/sound track or separate title |
geo |
| 080 ## - უნივერსალური ათობითი კლასიფიკაციის ინდექსი |
| Universal Decimal Classification number |
316.647.5(479.22)(063) ქ-27 |
| 245 ## - ცნობა სათაურის შესახებ |
| Title |
"ქართული ტოლერანტობა - გუშინ და დღეს" : |
| Remainder of title |
სამეცნიერო-პრაქტიკული კონფერენცია / |
| Statement of responsibility, etc |
მთ. რედაქტორი თემურ ჯაგოდნიშვილი; საქართველოს ტექნიკური უნივერსიტეტი, საინჟინრო ეკონომიკის, მედიატექნოლოგიებისა და სოციალური მეცნიერებათა ფაკულტეტი. |
| 264 ## - წარმოების, გამოცემის, დისტრიბუციის და სხვა ცნობები |
| გამოცემის, წარმოების, დისტრიბუციის... ადგილი |
თბილისი : |
| გამოცემის, წარმოების, დისტრიბუციის... სახელწოდება |
მწიგნობარი, |
| გამოცემის, წარმოების, დისტრიბუციის... თარიღი |
2025. |
| 300 ## - ფიზიკური აღწერა |
| Extent |
175 გვ. ; |
| Other physical details |
20 სმ. |
| 653 ## - INDEX TERM--UNCONTROLLED |
| Uncontrolled term |
ქართული ტოლერანტობა |
| 653 ## - INDEX TERM--UNCONTROLLED |
| Uncontrolled term |
სამეცნიერო-პრაქტიკული კონფერენცია |
| 700 ## - ADDED ENTRY--PERSONAL NAME |
| Personal name |
ჯაგოდნიშვილი, თემურ |
| Relator term |
მთ. რედაქტორი |
| 9 (RLIN) |
26915 |
| 710 ## - ADDED ENTRY--CORPORATE NAME |
| Corporate name or jurisdiction name as entry element |
საქართველოს ტექნიკური უნივერსიტეტი |
| Subordinate unit |
საინჟინრო ეკონომიკის, მედიატექნოლოგიებისა და სოციალური მეცნიერებათა ფაკულტეტი. |
| 9 (RLIN) |
26916 |
| 942 ## - ADDED ENTRY ELEMENTS (KOHA) |
| Source of classification or shelving scheme |
|
| Koha item type |
წიგნი |